| 000 | 00667cam a22002291 4500 | ||
|---|---|---|---|
| 001 | sa 67002959 | ||
| 003 | DLC | ||
| 005 | 20260227112334.0 | ||
| 008 | 821220s1966 ii 000 0 eng | ||
| 010 | _asa 67002959 | ||
| 035 | _a(OCoLC)9070441 | ||
| 040 |
_aDLC _cMoU _dDLC |
||
| 042 | _apremarc | ||
| 050 | 0 | 0 |
_aHV8249.P8 _bB3 |
| 110 | 2 |
_aBar Association of India. _bCommission of Enquiry on Alleged Police Excesses in Punjab during Anti-suba Agitation in March 1966. |
|
| 245 | 0 | 0 | _aReport. |
| 260 |
_a[New Delhi] _c1966. |
||
| 300 | _a52 p. | ||
| 500 | _aCover title. | ||
| 650 | 0 |
_aPolice _zIndia _zPunjab (State) |
|
| 650 | 0 |
_aRiots _zIndia _zPunjab (State) |
|
| 999 |
_c73557 _d73557 |
||